[Event "Belt and Road Hunan op-C"]
[Site "Changsha"]
[Date "2019.08.01"]
[Round "7"]
[White "Xia, Yimaierdanapaer"]
[Black "Tong, Yan"]
[Result "1/2-1/2"]
[WhiteElo "1962"]
[BlackElo "1996"]
[PlyCount "69"]
[EventDate "2019.07.29"]
[EventType "swiss"]
[EventRounds "9"]
[EventCountry "CHN"]
[SourceTitle "EXT 2020"]
[Source "ChessBase"]
[SourceDate "2019.10.17"]
[SourceVersion "1"]
[SourceVersionDate "2019.10.17"]
[SourceQuality "1"]

1. d4 Nf6 2. c4 e6 3. Nf3 c5 4. d5 exd5 5. cxd5 d6 6. Nc3 g6 7. e4 Bg7 8. Bb5+ Bd7 9. 0-0 0-0 10. Bxd7 Nbxd7 11. Bf4 Qe7 12. Re1 Ng4 13. Bg5 Bf6 14. Bxf6 Qxf6 15. Qd2 a6 16. a4 Nde5 17. Nxe5 Nxe5 18. f4 Nd7 19. Kh1 Rfe8 20. h3 Rab8 21. Kh2 Qd4 22. Qe2 Re7 23. Rad1 Qb4 24. Qf2 f6 25. h4 Rf8 26. g3 Nb6 27. Qc2 c4 28. Kg2 Rc8 29. h5 Qb3 30. Qe2 Nxa4 31. hxg6 Nxb2 32. Rb1 Qxc3 33. Rxb2 Rce8 34. e5 hxg6 35. e6 1/2-1/2

[Event "Belt and Road Hunan op-C"]
[Site "Changsha"]
[Date "2019.07.31"]
[Round "5"]
[White "Zhou, Yibo"]
[Black "Tong, Yan"]
[Result "1/2-1/2"]
[WhiteElo "1922"]
[BlackElo "1996"]
[PlyCount "44"]
[EventDate "2019.07.29"]
[EventType "swiss"]
[EventRounds "9"]
[EventCountry "CHN"]
[SourceTitle "EXT 2020"]
[Source "ChessBase"]
[SourceDate "2019.10.17"]
[SourceVersion "1"]
[SourceVersionDate "2019.10.17"]
[SourceQuality "1"]

1. d4 Nf6 2. Nf3 e6 3. c4 c5 4. Nc3 cxd4 5. Nxd4 a6 6. g3 Qc7 7. Qd3 Nc6 8. Nxc6 dxc6 9. Bg2 Be7 10. 0-0 e5 11. b3 0-0 12. Bb2 Bc5 13. Na4 Qe7 14. Nxc5 Qxc5 15. Rfd1 Bg4 16. h3 Bh5 17. Qd6 Qxd6 18. Rxd6 Rfe8 19. Rad1 Bg6 20. b4 h5 21. Rc1 Re7 22. a4 Ne8 1/2-1/2

[Event "Belt and Road Hunan op-C"]
[Site "Changsha"]
[Date "2019.07.30"]
[Round "2"]
[White "Tong, Yan"]
[Black "Cao, Qingfeng"]
[Result "1-0"]
[WhiteElo "1996"]
[BlackElo "1507"]
[PlyCount "83"]
[EventDate "2019.07.29"]
[EventType "swiss"]
[EventRounds "9"]
[EventCountry "CHN"]
[SourceTitle "EXT 2020"]
[Source "ChessBase"]
[SourceDate "2019.10.17"]
[SourceVersion "1"]
[SourceVersionDate "2019.10.17"]
[SourceQuality "1"]

1. e4 e6 2. d4 d5 3. Nc3 Nf6 4. e5 Nfd7 5. Nce2 c5 6. c3 Nc6 7. f4 Be7 8. Nf3 b6 9. g3 h5 10. Bh3 Qc7 11. 0-0 Bb7 12. f5 exf5 13. Bxf5 g6 14. Bh3 0-0-0 15. Bf4 g5 16. Nxg5 Bxg5 17. Bxg5 Rdf8 18. Nf4 Nd8 19. Bxd8 Qxd8 20. e6 fxe6 21. Nxe6 Rxf1+ 22. Qxf1 Qe7 23. Qf4 Nf6 24. Nf8+ Ng4 25. Ng6 Qg7 26. Nxh8 Qxh8 27. Re1 Qg7 28. Qd6 Qf7 29. Rf1 Qe8 30. Rf8 Qxf8 31. Qxf8+ Kc7 32. Bxg4 hxg4 33. dxc5 bxc5 34. Qxc5+ Kb8 35. a4 a6 36. b4 Ka8 37. b5 axb5 38. axb5 d4 39. b6 Ba6 40. Qc7 Bb7 41. Qd8+ Bc8 42. Qxc8# 1-0

[Event "CHN-chT"]
[Site "China"]
[Date "2019.05.07"]
[Round "5.3"]
[White "Wang, Hao"]
[Black "Tong, Yan"]
[Result "1-0"]
[WhiteElo "2726"]
[BlackElo "1999"]
[PlyCount "81"]
[EventDate "2019.04.09"]
[EventType "team-tourn"]
[EventRounds "22"]
[EventCountry "CHN"]
[SourceTitle "CBM 190 Extra"]
[Source "ChessBase"]
[SourceDate "2019.07.15"]
[SourceVersion "1"]
[SourceVersionDate "2019.07.15"]
[SourceQuality "1"]
[WhiteTeam "Shenzhen Longgang"]
[BlackTeam "Shandong Jingzhi"]
[WhiteTeamCountry "CHN"]
[BlackTeamCountry "CHN"]

1. e4 c5 2. Nf3 Nf6 3. Nc3 d5 4. Bb5+ Bd7 5. e5 Bxb5 6. Nxb5 a6 7. Nc3 Nfd7 8. e6 fxe6 9. Qe2 Qb6 10. Ng5 d4 11. Nce4 Nc6 12. d3 Nb4 13. 0-0 Nd5 14. c4 N5f6 15. Nxf6+ exf6 16. Nxe6 Kf7 17. Nf4 Ne5 18. Nd5 Qd8 19. Re1 g6 20. f4 Nc6 21. f5 Bd6 22. Qe6+ Kg7 23. Bg5 Rf8 24. Bxf6+ Rxf6 25. Nxf6 Qxf6 26. Qxf6+ Kxf6 27. Re6+ Kxf5 28. Rxd6 Nb4 29. Rd1 Re8 30. a3 Nc2 31. Rd2 Ne1 32. Kf1 h5 33. b4 Re3 34. Re2 Rxe2 35. Kxe2 Nxg2 36. Rb6 cxb4 37. axb4 Nf4+ 38. Kd2 Kg4 39. Rxb7 Kh3 40. Rb6 Kxh2 41. Rxa6 1-0

[Event "CHN-chT"]
[Site "Hangzhou"]
[Date "2018.06.21"]
[Round "4.1"]
[White "Tong, Yan"]
[Black "Yuan, Qingyu"]
[Result "1/2-1/2"]
[WhiteElo "1930"]
[BlackElo "2393"]
[PlyCount "60"]
[EventDate "2018.06.19"]
[EventType "team-swiss"]
[EventRounds "9"]
[EventCountry "CHN"]
[SourceTitle "CBM 185 Extra"]
[Source "ChessBase"]
[SourceDate "2018.07.29"]
[SourceVersion "1"]
[SourceVersionDate "2018.07.29"]
[SourceQuality "1"]
[WhiteTeam "Shandong"]
[BlackTeam "Beijing Beiao"]
[WhiteTeamCountry "CHN"]
[BlackTeamCountry "CHN"]

1. e4 c6 2. d4 d5 3. Nd2 dxe4 4. Nxe4 Bf5 5. Ng3 Bg6 6. N1e2 Nf6 7. Nf4 e5 8. Nxg6 hxg6 9. Be3 Nd5 10. dxe5 Nxe3 11. Qxd8+ Kxd8 12. fxe3 Nd7 13. e6 fxe6 14. Bc4 Bd6 15. Ne4 Bb4+ 16. c3 Rh4 17. Bd3 Nc5 18. Nxc5 Bxc5 19. Ke2 Ke7 20. h3 g5 21. Rhf1 Rh6 22. Be4 Rf6 23. Rf3 Bd6 24. Rd1 Be5 25. Rd2 Rb8 26. Rf1 Rxf1 27. Kxf1 Rf8+ 28. Ke2 Bg3 29. Bf3 Be5 30. Be4 Bg3 1/2-1/2

[Event "CHN-chT"]
[Site "Hangzhou"]
[Date "2018.06.20"]
[Round "2.1"]
[White "Tong, Yan"]
[Black "Zhao, Yuanhe"]
[Result "1/2-1/2"]
[WhiteElo "1930"]
[BlackElo "2379"]
[PlyCount "57"]
[EventDate "2018.06.19"]
[EventType "team-swiss"]
[EventRounds "9"]
[EventCountry "CHN"]
[SourceTitle "CBM 185 Extra"]
[Source "ChessBase"]
[SourceDate "2018.07.29"]
[SourceVersion "1"]
[SourceVersionDate "2018.07.29"]
[SourceQuality "1"]
[WhiteTeam "Shandong"]
[BlackTeam "Chengdu"]
[WhiteTeamCountry "CHN"]
[BlackTeamCountry "CHN"]

1. e4 c5 2. Nf3 Nc6 3. d4 cxd4 4. Nxd4 e6 5. Nc3 Qc7 6. Be2 Nf6 7. 0-0 Be7 8. Be3 0-0 9. f4 d6 10. Kh1 a6 11. Qe1 Nxd4 12. Bxd4 b5 13. a3 Bb7 14. Qg3 Rad8 15. Rae1 Rfe8 16. Bd3 Rd7 17. Re3 Qb8 18. e5 dxe5 19. Bxe5 Qa8 20. Ne4 Nh5 21. Qh3 Rxd3 22. cxd3 g6 23. Qxh5 gxh5 24. Rg3+ Kf8 25. Bg7+ Kg8 26. Bh6+ Kh8 27. Bg7+ Kg8 28. Bf6+ Kf8 29. Bg7+ 1/2-1/2